000 00599nam a2200229Ia 4500
003 OSt
005 20220927104755.0
006 a|||||r|||| 00| 0
007 ta
008 220926b |||||||| |||| 00| 0 eng d
024 _a144129
037 _cReference Collections
040 _aRTL
_cRTL
_beng
041 _2eng
_aeng
082 _a"Y15:3(S5), M7"
100 _aHaug Frigga
_9367283
245 0 _aFemale sexualization
260 _aLondon
_bVerso
_c1987
300 _a301p
_ccm.
942 _h"Y15:3(S5), M7"
_cCC
999 _c688644
_d688644